000 00344nam a2200109Ia 4500
008 171211s9999 xx 000 0 und d
245 _a30 Powerful Ways To Drive Unlimited Traffic To Your Website
245 _cPopoiu Vlad
260 _c2015
650 _xWeb Development
856 _uhttp://down.ebook777.com/003/30PowWayToDriUnlTraToYouWeb.rar
999 _c350128
_d350128